Statistics for 20 Smallest States

Click here to take the quiz!

General Stats

  • This quiz has been taken 291 times
  • The average score is 17 of 20

Answer Stats

RankArea (km)Area (mi)Answer% Correct
14,0021,545Rhode Island
97%
26,4472,489Delaware
94%
624,9019,614Vermont
94%
524,2169,350New Hampshire
93%
314,3575,543Connecticut
90%
1394,32136,418Maine
90%
422,5888,721New Jersey
90%
1062,75524,230West Virginia
88%
828,31110,931Hawaii
87%
932,13312,407Maryland
87%
16110,78542,774Ohio
87%
1182,93232,020South Carolina
85%
727,33610,555Massachusetts
84%
1291,64635,385Indiana
79%
14104,65940,409Kentucky
79%
20134,26451,840Alabama
77%
18119,28346,055Mississippi
76%
15109,15142,143Tennessee
76%
19125,43448,430Louisiana
71%
17116,09644,825Pennsylvania
66%

Score Distribution

Percentile by Number Answered

Percent of People with Each Score

Your Score History

You have not taken this quiz